000 00699nam a2200265Ia 4500
005 20260121171231.0
008 008 260114s9999 xx 000 0 eng d
020 _a9783030190996
037 _aEBOOK
040 _aCRL
040 _beng
040 _cCRL
041 _2eng
041 _aeng
084 _qCRL
100 _aRachel Simon-Kumar, Francis L. Collins, Wardlow Friesen
_91073690
245 0 _aIntersections of Inequality, Migration and Diversification
260 _bSpringer
260 _bSpringer
260 _c2020
856 _uhttps://link.springer.com/openurl?genre=book&isbn=978-3-030-19099-6
942 _cEBOOK
999 _c1639420
_d1639420